Избранные произведения. Т. 1: Губернские очерки (Запись № 8578607)

Подробности
000 -МАРКЕР
контрольное поле 01316nam2a22002531 4500
001 - ИДЕНТИФИКАТОР ЗАПИСИ
контрольное поле rc\4147036
005 - ИДЕНТИФИКАТОР ВЕРСИИ
контрольное поле 20250611004155.0
021 ## - НОМЕР ГОСУДАРСТВЕННОЙ РЕГИСТРАЦИИ
Код страны российская федерация
Номер [50-29742]
035 ## - ДРУГИЕ СИСТЕМНЫЕ НОМЕРА
Идентификатор записи (NLR Aleph) 007990854
100 ## - ДАННЫЕ ОБЩЕЙ ОБРАБОТКИ
Данные общей обработки 20130415d1950 |||y0rusy50 ca
101 0# - ЯЗЫК РЕСУРСА
Язык текста, звукозаписи и т.д. русский
102 ## - СТРАНА ПУБЛИКАЦИИ ИЛИ ПРОИЗВОДСТВА
Страна публикации российская федерация
105 ## - ПОЛЕ КОДИРОВАННЫХ ДАННЫХ: ТЕКСТОВЫЕ МАТЕРИАЛЫ, МОНОГРАФИЧЕСКИЕ
Кодированные данные о монографическом текстовом документе ac z |||c|
200 1# - ЗАГЛАВИЕ И СВЕДЕНИЯ ОБ ОТВЕТСТВЕННОСТИ
Основное заглавие Губернские очерки
210 ## - ПУБЛИКАЦИЯ, РАСПРОСТРАНЕНИЕ И ДР.
Место издания, распространения и т.д. Москва
Имя издателя, распространителя и т. д. Гослитиздат
Дата издания, распространения и т.д. 1950
Имя изготовителя Тип. им. Сталина - 20-я тип. Союзполиграфпрома
215 ## - ФИЗИЧЕСКАЯ ХАРАКТЕРИСТИКА
Специфическое обозначение материала и объем XXVI, 388 с., 1 л. портр.
Другие сведения о физической характеристике ил.
461 #0 - УРОВЕНЬ НАБОРА
Встроенное поле 001rc\4147035
-- 2001#$aИзбранные произведения$eВ 7 т.$f[Вступ. статья: А. Лаврецкий. "М.Е. Салтыков-Щедрин", с. V-XXVI]. Т. 1-$vТ. 1
-- 700#1$aСалтыков-Щедрин$bМ. Е.$f1826-1889$gМихаил Евграфович$3RU\NLR\AUTH\774332
Системный номер (АБИС) связанной записи 8578602
Автор Салтыков-Щедрин, М. Е. (1826-1889)
Место публикации Москва
Дата публикации 1950
Первые сведения об ответственности [Вступ. статья: А. Лаврецкий. "М.Е. Салтыков-Щедрин", с. V-XXVI]. Т. 1-
Имя издателя, распространителя и т.д. Гослитиздат
Сведения, относящиеся к заглавию В 7 т.
Заглавие Избранные произведения
Номер тома Т. 1
801 #0 - ИСТОЧНИК ЗАПИСИ
Страна российская федерация
Организация NLR
Правила каталогизации psbo
801 #1 - ИСТОЧНИК ЗАПИСИ
Страна российская федерация
Организация ELAR
Источник данных rusmarc
852 ## - МЕСТОНАХОЖДЕНИЕ И ШИФР ХРАНЕНИЯ
Идентификатор организации NLR
Шифр хранения (Call Number) Л30 Г-5/490
942 ## - ДОПОЛНИТЕЛЬНЫЕ ЭЛЕМЕНТЫ ЗАПИСИ (АБИС)
Тип экземпляра АБИС Книга
980 ## - КОЛЛЕКЦИЯ
Название коллекции Национальная библиография
Экземпляры
Тип экземпляра Дата поступления Библиотека постоянного хранения Библиотека текущего хранения Место хранения Шифр хранения Штрих-код Статус не для выдачи
Книга 26.10.2013 РНБ (Садовая) РНБ (Садовая) Русский книжный фонд -Главное здание, Ленинский читальный зал Л30 Г-5/490 7990854-10